Mercadotecnia y productividad turística / (Registro nro. 20978)
[ vista simple ]
| 000 -LEADER | |
|---|---|
| fixed length control field | 01237cam a2200337 i 4500 |
| 001 - CONTROL NUMBER | |
| control field | 20978 |
| 003 - CONTROL NUMBER IDENTIFIER | |
| control field | Mx-PuUPA |
| 005 - DATE AND TIME OF LATEST TRANSACTION | |
| control field | 20250721134415.0 |
| 008 - FIXED-LENGTH DATA ELEMENTS--GENERAL INFORMATION | |
| fixed length control field | 140415s1991 mx r 000 0 spa d |
| 020 ## - INTERNATIONAL STANDARD BOOK NUMBER | |
| International Standard Book Number | 9789682442445 |
| 040 ## - CATALOGING SOURCE | |
| Original cataloging agency | Mx-PuUPA |
| Language of cataloging | spa |
| Transcribing agency | Mx-PuUPA |
| Modifying agency | Mx-PuUPA |
| Description conventions | rda |
| 041 0# - LANGUAGE CODE | |
| Language code of text/sound track or separate title | spa |
| 100 1# - MAIN ENTRY--PERSONAL NAME | |
| Personal name | Cárdenas Tabares, Fabio, |
| Relator term | autor |
| 9 (RLIN) | 9729 |
| 245 10 - TITLE STATEMENT | |
| Title | Mercadotecnia y productividad turística / |
| Statement of responsibility, etc. | Fabio Cárdenas Tabares |
| 250 ## - EDITION STATEMENT | |
| Edition statement | Primera edición |
| 264 #1 - PRODUCTION, PUBLICATION, DISTRIBUTION, MANUFACTURE, AND COPYRIGHT NOTICE | |
| Place of production, publication, distribution, manufacture | México, D.F. : |
| Name of producer, publisher, distributor, manufacturer | Editorial Trillas, |
| Date of production, publication, distribution, manufacture, or copyright notice | ©1991 |
| 300 ## - PHYSICAL DESCRIPTION | |
| Extent | 73 páginas ; |
| Dimensions | 24 cm |
| 336 ## - CONTENT TYPE | |
| Fuente | rdacontent |
| Content type term | texto |
| Content type code | txt |
| 337 ## - MEDIA TYPE | |
| Source | rdamedia |
| Media type term | sin medio |
| Media type code | n |
| 338 ## - CARRIER TYPE | |
| Source | rdacarrier |
| Carrier type term | volumen |
| Carrier type code | nc |
| 490 0# - SERIES STATEMENT | |
| Series statement | Trillas turismo |
| 500 ## - GENERAL NOTE | |
| General note | "Productividad en el rubro de alimentos y bebidas ; Diversificación de la demanda turística ; Ventas en el sector turístico". -- Cubierta |
| 545 1# - BIOGRAPHICAL OR HISTORICAL DATA | |
| Biographical or historical data | Reimpresión: (2011). |
| 650 #7 - SUBJECT ADDED ENTRY--TOPICAL TERM | |
| Topical term or geographic name entry element | Turismo |
| Source of heading or term | armarc |
| 650 #7 - SUBJECT ADDED ENTRY--TOPICAL TERM | |
| Topical term or geographic name entry element | Mercadotecnia |
| General subdivision | Administración |
| Source of heading or term | armarc |
| 650 #7 - SUBJECT ADDED ENTRY--TOPICAL TERM | |
| Topical term or geographic name entry element | Planeamiento |
| Source of heading or term | armarc |
| 942 ## - ADDED ENTRY ELEMENTS (KOHA) | |
| Source of classification or shelving scheme | Dewey Decimal Classification |
| Koha item type | Libro |
| Classification part | 380.1459104 |
| Item part | C257 |
| Withdrawn status | Lost status | Source of classification or shelving scheme | Damaged status | Not for loan | Collection code | Home library | Current library | Shelving location | Date acquired | Source of acquisition | Total Checkouts | Full call number | Barcode | Date last seen | Date last checked out | Price effective from | Koha item type | Cost, normal purchase price | Copy number | Cost, replacement price |
|---|---|---|---|---|---|---|---|---|---|---|---|---|---|---|---|---|---|---|---|---|
| Dewey Decimal Classification | General | Biblioteca Karol Wojtyla | Biblioteca Karol Wojtyla | Sala general | 03/12/2013 | Compra | 1 | 380.1459104 CAR | 41073 | 10/10/2025 | 31/10/2016 | 03/12/2013 | Libro | |||||||
| Dewey Decimal Classification | General | Biblioteca Karol Wojtyla | Biblioteca Karol Wojtyla | Sala general | 19/08/2021 | 1 | 380.1459104 C257 1991 | 100132 | 05/01/2026 | 19/08/2021 | Libro | 117.00 | Ej.2 | 117.00 | ||||||
| Dewey Decimal Classification | General | Biblioteca Karol Wojtyla | Biblioteca Karol Wojtyla | Sala general | 19/08/2021 | 1 | 380.1459104 C257 1991 | 100131 | 05/01/2026 | 19/08/2021 | Libro | 117.00 | 117.00 | |||||||
| Dewey Decimal Classification | General | Tehuacán | Tehuacán | Sala general | 06/08/2019 | 380.1459104 C257 1991 | 968000000236 | 08/01/2025 | 06/08/2019 | Libro | ||||||||||
| Dewey Decimal Classification | General | Tehuacán | Tehuacán | Sala general | 11/01/2024 | 380.1459104 C257 1991 | 968000001870 | 08/01/2025 | 11/01/2024 | Libro | Ej.2 |